Normal view
MARC view
- Developing countries
Entry Geographic Name
001 - CONTROL NUMBER
- control field: 7339
003 - CONTROL NUMBER IDENTIFIER
- control field: NUST
005 - DATE AND TIME OF LATEST TRANSACTION
- control field: 20171215105847.0
008 - FIXED-LENGTH DATA ELEMENTS
- fixed length control field: 171215|| aca||aabn | a|a d
040 ## - CATALOGING SOURCE
- Original cataloging agency: NUST
- Transcribing agency: NUST
151 ## - HEADING--GEOGRAPHIC NAME
- Geographic name: Developing countries
- General subdivision: Social policy.
670 ## - SOURCE DATA FOUND
- Source citation: Work cat.: (NUST)0: Acemoglu, Daron. 7333, Why nations fail :, c2012.
